| 000 | 00544nam a22001817a 4500 | ||
|---|---|---|---|
| 999 |
_c160465 _d160465 |
||
| 005 | 20190130152056.0 | ||
| 010 | _aENG-124680 | ||
| 020 |
_a9789389393248 _c475.00 |
||
| 035 | _aEN-108212 | ||
| 037 | _bDBAD/PUB | ||
| 082 | _a783.0092 | ||
| 100 | _aDwivedi,Richa | ||
| 245 |
_aClassical singer's of india _cby Richa Dwivedi |
||
| 260 |
_aNew Delhi _bSaket Prakashan _c2016 |
||
| 270 |
_a5, Upendra Nath Ashk Marg,Old Khusro Bagh Road _bAllahbad _e211001 |
||
| 300 |
_a168p. _c21cm.(Hb) |
||
| 942 |
_2ddc _cEN _mDWI _h783.0092 |
||